[Event "I Festival A"]
[Site "Assisi ITA"]
[Date "2003.12.23"]
[Round "6"]
[White "Rombaldoni, Andrea"]
[Black "Castrogiovanni, Carlo"]
[Result "1-0"]
[WhiteElo "2275"]
[BlackElo "2068"]
[PlyCount "51"]
[EventDate "2003.12.20"]

1. e4 d5 2. exd5 Nf6 3. d4 Nxd5 4. c4 Nb6 5. Nf3 Bg4 6. Be2 e6 7. O-O Be7 8. h3
Bxf3 9. Bxf3 c6 10. Be2 O-O 11. Be3 N8d7 12. Nc3 c5 13. dxc5 Bxc5 14. Bxc5 Nxc5
15. Qxd8 Rfxd8 16. Rfd1 a6 17. b3 Kf8 18. Bf3 Ke7 19. b4 Nd3 20. c5 Nc4 21.
Bxb7 Nxb4 22. Bxa8 Rxa8 23. Rd4 Nc2 24. Rxc4 Nxa1 25. Na4 Rd8 26. Rc1 1-0

[Event "I Festival A"]
[Site "Assisi ITA"]
[Date "2003.12.23"]
[Round "6"]
[White "Rombaldoni, Axel"]
[Black "Sansonetti, Giorgio"]
[Result "1/2-1/2"]
[WhiteElo "1894"]
[BlackElo "2123"]
[PlyCount "72"]
[EventDate "2003.12.20"]

1. e4 c5 2. Nf3 d6 3. d4 cxd4 4. Nxd4 e6 5. Nc3 a6 6. Bc4 Ne7 7. Bb3 Nbc6 8.
Be3 Nxd4 9. Bxd4 Nc6 10. Be3 Be7 11. Qd2 O-O 12. O-O-O b5 13. f4 Na5 14. g4
Nxb3+ 15. axb3 Bb7 16. Qd4 Qc7 17. h4 Rfc8 18. Qd3 Qc6 19. Rh2 Rc7 20. Re1 Rac8
21. Bd4 b4 22. Na4 Qb5 23. Qd1 a5 24. g5 Ba6 25. Kb1 Rc6 26. h5 e5 27. fxe5
dxe5 28. Be3 Qb7 29. Qf3 Qc7 30. Rf2 f6 31. gxf6 Rxf6 32. Qg2 Rxf2 33. Qxf2 Qc6
34. Qg2 Rb8 35. Rg1 Qf6 36. Nb6 Rb7 1/2-1/2

[Event "I Festival A"]
[Site "Assisi ITA"]
[Date "2003.12.23"]
[Round "6"]
[White "Starostits, Ilmars"]
[Black "Rombaldoni, Denis"]
[Result "1-0"]
[WhiteElo "2431"]
[BlackElo "2131"]
[PlyCount "69"]
[EventDate "2003.12.20"]

1. e4 c6 2. d4 d5 3. exd5 cxd5 4. c4 Nf6 5. Nc3 Nc6 6. Bg5 Qa5 7. Bxf6 exf6 8.
cxd5 Bb4 9. Nge2 Qxd5 10. Qd2 Bxc3 11. bxc3 O-O 12. Nf4 Re8+ 13. Be2 Qe4 14.
O-O Bd7 15. Rfe1 Qf5 16. Rab1 Na5 17. c4 Rac8 18. Nd5 Nc6 19. Rxb7 Be6 20. Bd3
Qg4 21. Re4 Qh5 22. Qe1 f5 23. Re3 Nxd4 24. Ne7+ Rxe7 25. Rxe7 Qg5 26. Rxa7 f4
27. h4 Qc5 28. Ra5 Qc6 29. Re4 Rd8 30. Rxf4 Qc7 31. Re4 Nc6 32. Rd5 Ra8 33.
Rxe6 fxe6 34. Qxe6+ Kh8 35. Rh5 1-0

[Event "I Festival A"]
[Site "Assisi ITA"]
[Date "2003.12.23"]
[Round "6"]
[White "Stromboli, Ettore"]
[Black "Farachi, Francesco"]
[Result "1/2-1/2"]
[WhiteElo "2137"]
[BlackElo "2094"]
[PlyCount "105"]
[EventDate "2003.12.20"]

1. e4 e5 2. Nf3 d6 3. d4 exd4 4. Nxd4 Be7 5. Nc3 Nf6 6. g3 c5 7. Nf5 Bxf5 8.
exf5 O-O 9. Bg2 Nc6 10. O-O h5 11. Bg5 Nd4 12. Bxf6 Bxf6 13. Ne4 Be7 14. c3
Nxf5 15. Qxh5 g6 16. Qf3 d5 17. Nd2 d4 18. Rad1 Rb8 19. Bh3 dxc3 20. Ne4 Nd4
21. Qd3 cxb2 22. Rb1 Qd5 23. Rxb2 Qh5 24. Bg2 Rfd8 25. Qa3 a6 26. Re1 Ne6 27.
Nd2 Bf6 28. Rc2 Kg7 29. Nf3 Nd4 30. Rxc5 Nxf3+ 31. Bxf3 Qh3 32. Bg2 Qd7 33. Qb3
Qd2 34. Rf1 Rd7 35. Rd5 Rxd5 36. Bxd5 b5 37. Kg2 Rf8 38. Rd1 Qc3 39. Qxc3 Bxc3
40. Bb7 a5 41. Rd7 b4 42. Bc6 Kh6 43. Ra7 f6 44. Rd7 Rc8 45. Ba4 Rc5 46. Bb3
Re5 47. Bg8 g5 48. Bc4 f5 49. g4 Re4 50. Bd3 Rxg4+ 51. Kf1 Rd4 52. Bxf5 Rxd7
53. Bxd7 1/2-1/2

[Event "I Festival A"]
[Site "Assisi ITA"]
[Date "2003.12.23"]
[Round "6"]
[White "Tischbierek, Raj"]
[Black "Miladinovic, Igor"]
[Result "1/2-1/2"]
[WhiteElo "2519"]
[BlackElo "2599"]
[PlyCount "21"]
[EventDate "2003.12.20"]

1. e4 c5 2. Nf3 Nc6 3. d4 cxd4 4. Nxd4 Qc7 5. Nc3 e6 6. Be2 a6 7. O-O Nf6 8.
Kh1 Bb4 9. Bg5 Qd6 10. Nxc6 Qxd1 11. Nxd1 1/2-1/2